000 01244nam a22003611a 4500
999 _c445
_d445
001 017305973
003 UkOxU
005 20190815083742.0
008 100706r20102007mau j 000 0beng|d
015 _aGBB083820
_2bnb
016 7 _a015600518
_2Uk
020 _a9780763650025 (pbk.) :
020 _a0763650021 (pbk.) :
035 _a(Uk)015600518
040 _aStDuBDS
_beng
_cStDuBDS
_dUk
042 _aukblsr
082 0 4 _a921 SMI
_222
100 1 _aSmith, Charles R.,
_cJr.,
_d1969-
_eauthor
245 1 0 _a12 rounds to glory :
_bthe story of Muhammad Ali /
_cCharles R. Smith ; illustrated by Bryan Collier.
246 _aTwelve rounds to glory :
_bthe story of Muhammad Ali
260 _aSomerville, Mass. :
_bCandlewick ;
_aLondon :
_bWalker [distributor],
_c2010.
300 _a80 p. ;
_bill. ;
_c28 cm.
336 _atext
_2rdacontent
337 _aunmediated
_2rdamedia
338 _avolume
_2rdacarrier
500 _aOriginally published: 2007.
500 _aFormerly CIP.
_5Uk
600 1 0 _aAli, Muhammad,
_d1942-2016
_vJuvenile literature.
650 0 _aBoxers (Sports)
_zUnited States
_vBiography
_vJuvenile literature.
700 1 _aCollier, Bryan.
_eIllustrator
942 _2ddc
_cNFIC